000 00594nam a2200205Ia 4500
003 GCL
008 140319s9999 xx 000 0 ara d
040 _aGCL /
_cGCL
082 0 4 _a028.7
_bش س
100 1 _aشريف العلمى
245 1 0 _aسين جيم /
_cشريف العلمى
260 _aبيروت :
_bلجنة الاعلام والدراسات المستقبلية ،
_c1989
300 _aمتعدد ؛
_c24 سم
490 _a
650 0 4 _aدوائر المعارف
650 0 4 _aالثقافة
650 0 4 _aالتعلم
650 0 4 _aالمعرفة
942 _2ddc
_cBK
999 _c53847
_d53847